00613nam a2200217Ia 450000500170000000800410001702000180005804100120007608200160008810000230010424500880012725000120021526000410022730000210026865000180028965000200030765000130032765000210034065000150036170000190037620260429112031.0260429s9999||||xx |||||||||||||| ||und|| a9781032040103 aEnglish a809.04bGOP aGopinath, Praseeda 0aRoutledge companion to postcolonial and decolonial literature / cPraseeda Gopinath a1st ed. aUnited Kingdom : bRoutledge,c2025. axiii, 420 p.; hb a 20th century a Decolonization a History a Postcolonialism aLiterature a Brueck, Laura